|
|
|
|
| LEADER |
00571 a2200121 4500 |
| 008 |
100208b ||||| |||| 00| 0 eng d |
| 082 |
|
|
|a 338.40954
|
| 100 |
|
|
|a India. Central Statistical Organisation.
|
| 245 |
|
|
|a Annual survey of industries 1977 - 78 :
|b summary results for factory sector /
|
| 260 |
|
|
|b Controller of Publications,
|a Delhi:
|c 1980.
|
| 942 |
|
|
|c BK
|
| 999 |
|
|
|c 313005
|d 313005
|
| 952 |
|
|
|0 0
|1 0
|2 ddc
|4 0
|6 338_409540000000000_CSO_AN
|7 0
|9 359106
|a ECN
|b ECN
|c REF
|d 2010-09-07
|e Indian Documentation Service, Haryana
|g 0.00
|i 3516
|l 0
|o 338.40954 CSO/AN
|p ECN3516
|r 2010-09-07
|w 2010-09-07
|y REF
|